00691cam a2200229 a 450000100060000000300080000600500170001400800410003103500190007204000270009104100080011808200250012610000300015124500640018125000250024526000390027030000330030949000450034250000190038750400310040665000240043768896BD-RjUL20211209081825.0170406s1958 enka b 001 0 eng  a(BD-RjUL)69107 aDLCcGATdBD-RjULbeng aeng a665.5 223bGOP 19581 aGoldstein, Richard Frank.14aThe petroleum chemicals industry /cRichard Frank Goldstein a2d rev. and enl. ed. aLondon :bE. & F. N. Spon,cc1958. axv, 458 p. :bill. ;c25 cm.0 aGeneral and industrial chemistry series. aIncludes index aBibliographical footnotes. 0aPetroleum products.